[Event "SUI-chT"]
[Site "Switzerland"]
[Date "1993.??.??"]
[Round "?"]
[White "Batchinsky, Stephane"]
[Black "Leuba, Didier"]
[Result "1-0"]
[WhiteElo "2340"]
[BlackElo "2290"]
[PlyCount "43"]
[EventDate "1993.??.??"]
[EventType "team-tourn"]
[EventRounds "9"]
[EventCountry "SUI"]
[SourceTitle "TD"]
[Source "ChessBase"]
[SourceDate "1994.03.01"]
[SourceVersion "1"]
[SourceVersionDate "1994.03.01"]
[SourceQuality "1"]

1. Nf3 Nf6 2. d4 e6 3. g3 b6 4. Bg2 Bb7 5. 0-0 Be7 6. c4 0-0 7. Nc3 Ne4 8. Qc2 Nxc3 9. Qxc3 c5 10. dxc5 bxc5 11. Bf4 d6 12. Rfd1 Qb6 13. h4 Rd8 14. h5 h6 15. Qe3 Nd7 16. Bh3 Bf8 17. g4 e5 18. Bg3 Bxf3 19. Qxf3 Be7 20. g5 hxg5 21. Bxd7 Rxd7 22. Qxa8+ 1-0

[Event "SUI-GP"]
[Site "Suhr"]
[Date "1991.??.??"]
[Round "9"]
[White "Landenbergue, Claude"]
[Black "Leuba, Didier"]
[Result "1-0"]
[WhiteElo "2410"]
[BlackElo "2295"]
[PlyCount "55"]
[EventDate "1991.03.??"]
[EventType "tourn"]
[EventRounds "9"]
[EventCountry "SUI"]
[EventCategory "8"]
[SourceTitle "CBM 022"]
[Source "ChessBase"]
[SourceDate "1991.06.01"]
[SourceVersion "1"]
[SourceVersionDate "1991.06.01"]
[SourceQuality "1"]

1. d4 Nf6 2. c4 e6 3. Nf3 b6 4. e3 Bb7 5. Nc3 d5 6. cxd5 Nxd5 7. Bd2 Be7 8. Qc2 0-0 9. e4 Nxc3 10. Bxc3 Nd7 11. Rd1 Qc8 12. Be2 Nf6 13. Bd3 Ba6 14. 0-0 c5 15. Bxa6 Qxa6 16. d5 exd5 17. exd5 Nd7 18. Rfe1 Bf6 19. Nd2 Rae8 20. Ne4 Bd8 21. a4 f5 22. Nd6 Rxe1+ 23. Rxe1 g6 24. b3 Nf6 25. Qd2 c4 26. Qe2 h6 27. Qe6+ Kh7 28. Ne8 1-0

[Event "SUI-GP"]
[Site "Suhr"]
[Date "1991.??.??"]
[Round "1"]
[White "Leuba, Didier"]
[Black "Kamber, Bruno"]
[Result "1/2-1/2"]
[WhiteElo "2295"]
[BlackElo "2270"]
[PlyCount "20"]
[EventDate "1991.03.??"]
[EventType "tourn"]
[EventRounds "9"]
[EventCountry "SUI"]
[EventCategory "8"]
[SourceTitle "CBM 022"]
[Source "ChessBase"]
[SourceDate "1991.06.01"]
[SourceVersion "1"]
[SourceVersionDate "1991.06.01"]
[SourceQuality "1"]

1. d4 Nf6 2. Nf3 d5 3. Bg5 Ne4 4. Bh4 c6 5. Nbd2 Nxd2 6. Qxd2 Qb6 7. c3 Bf5 8. e3 e6 9. Bd3 Bxd3 10. Qxd3 Qb5 1/2-1/2

[Event "Bern op"]
[Site "Bern"]
[Date "1991.??.??"]
[Round "3"]
[White "Leuba, Didier"]
[Black "Plesec, Damjan"]
[Result "1/2-1/2"]
[WhiteElo "2295"]
[BlackElo "2335"]
[PlyCount "104"]
[EventDate "1991.02.??"]
[EventType "swiss"]
[EventRounds "9"]
[EventCountry "SUI"]
[SourceTitle "CBM 021 Extra"]
[Source "ChessBase"]
[SourceDate "1991.05.01"]
[SourceVersion "1"]
[SourceVersionDate "1991.05.01"]
[SourceQuality "1"]

1. d4 c5 2. d5 e5 3. e4 d6 4. Bd3 Be7 5. Nf3 Bg4 6. 0-0 a6 7. a4 Bxf3 8. Qxf3 Bg5 9. Qg4 Bf6 10. Na3 Qd7 11. Qxd7+ Nxd7 12. Nc4 Be7 13. a5 Ngf6 14. Be3 0-0 15. Rfb1 Ng4 16. Bd2 Rab8 17. b4 Rfc8 18. b5 f5 19. bxa6 bxa6 20. Nb6 Nxb6 21. axb6 c4 22. Be2 Nf6 23. Bg5 Nxd5 24. Bxe7 Nxe7 25. Rxa6 Rc6 26. b7 Rxa6 27. Bxc4+ d5 28. Bxa6 fxe4 29. Rb6 Kf7 30. Rd6 d4 31. Kf1 g5 32. Rh6 Nd5 33. Bc4 Kg7 34. Re6 Nb4 35. Rxe5 Rxb7 36. Rxe4 Nxc2 37. Bd3 Rb1+ 38. Ke2 Re1+ 39. Kf3 Rxe4 40. Kxe4 Ne1 41. Bf1 d3 42. Ke3 h6 43. Kd2 Nc2 44. Bxd3 Nd4 45. Ke3 Ne6 46. Kf3 Kf6 47. h4 gxh4 48. Kg4 h3 49. gxh3 Ng7 50. Bb5 Ke5 51. Bd7 Kf6 52. f4 Kg6 1/2-1/2

[Event "SUI-chT"]
[Site "Switzerland"]
[Date "1991.??.??"]
[Round "?"]
[White "Leuba, Didier"]
[Black "Vulevic, Vjekoslav"]
[Result "0-1"]
[WhiteElo "2295"]
[BlackElo "2320"]
[PlyCount "73"]
[EventDate "1991.??.??"]
[EventType "team-tourn"]
[EventRounds "9"]
[EventCountry "SUI"]
[SourceTitle "EXT 1998"]
[Source "ChessBase"]
[SourceDate "1997.11.17"]
[SourceVersion "1"]
[SourceVersionDate "1997.11.17"]
[SourceQuality "1"]

1. d4 Nf6 2. Nc3 d5 3. Bg5 c6 4. e3 Nbd7 5. Nf3 g6 6. Bd3 Bg7 7. 0-0 0-0 8. Qd2 Re8 9. e4 dxe4 10. Nxe4 Nxe4 11. Bxe4 Nf6 12. Bd3 b6 13. b3 Bb7 14. Qe2 Qc8 15. Rad1 a6 16. Bc4 e6 17. Ne5 Nd5 18. Ng4 f6 19. Bc1 g5 20. Qf3 h5 21. Ne3 Nf4 22. Rfe1 c5 23. Qg3 h4 24. Qg4 b5 25. Nf5 bxc4 26. Nxg7 Re7 27. Bxf4 Rxg7 28. Bc1 f5 29. Qh3 cxd4 30. Rxd4 Qc6 31. Qf3 Qc7 32. Qe2 Bd5 33. f3 Rc8 34. h3 a5 35. Qe5 Bc6 36. Re2 a4 37. a3 0-1